Dramatúrgia alemanya contemporània : teatre jove / teatre jove /
ISBN:
9788417188610
Descripción Física:
319 pàgines ; 22 cm
Colección:
Dramaticles. Antologies dramàtiques
; 4
Otros Autores:
Hübner, Lutz, 1964-
,
Baltscheit, Martin, 1965-
,
Hilling, Anja, 1975-
,
Nolte, Jakob
,
Bartoll, Eduard
,
Pous, Maria
,
Tola, Albert
,
Auseller, Jordi
Materias:
Teatre alemany -- S. XX
Idioma:
Catalán , German
MARC
| LEADER | 00000aam a2200000 i 4500 | ||
|---|---|---|---|
| 001 | 25840 | ||
| 005 | 20260324181121.0 | ||
| 008 | 180928e201809 spc|||| ||||| 0|0 d cat|c | ||
| 017 | |a DL B 17958-2018 |b Biblioteca de Catalunya | ||
| 020 | |a 9788417188610 | ||
| 020 | |a 9788498038453 | ||
| 041 | 1 | |a cat |h ger | |
| 080 | |a Bib-628 | ||
| 245 | 0 | 0 | |a Dramatúrgia alemanya contemporània : |b teatre jove / |c Lutz Hübner, Martin Baltscheit, Anja Hilling, Jakob Nolte/Michel Decar ; pròleg Jordi Auseller i Roquet |
| 250 | |a Primera edició | ||
| 264 | 1 | |a Barcelona : |b Institut del Teatre, Diputació de Barcelona: |b Comanegra, |c setembre del 2018 | |
| 300 | |a 319 pàgines ; |c 22 cm | ||
| 336 | |a text |b txt |2 rdacontent | ||
| 337 | |a sense mediació |b n |2 rdamedia | ||
| 338 | |a volum |b nc |2 rdacarrier | ||
| 490 | 1 | |a Drama-ticles. Antologies dramàtiques ; |v 4 | |
| 505 | 8 | |a Conté: Qüestió d'honor / Lutz Hübner ; traducció: Eduard Bartoll -- Els boscos millors / Martin Baltscheit ; traducció: Maria Pous -- Cap endins / Anja Hilling ; traducció: Albert Tola -- El regne animal / Jakob Nolte/Michel Decar ; traducció: Jordi Auseller i Roquet -- Apunts sobre teatre per a joves / Lutz Hübner ; traducció: Eduard Bartoll -- Discurs per a la distinció del Premi dels autors 2016 / Lutz Hübner ; traducció: Eduard Bartoll | |
| 546 | |a Títols originals: Ehrensache, Die besseren Wälder, Was innen geht, Das Tierreich | ||
| 650 | 0 | |9 53340 |a Teatre alemany |y S. XX | |
| 700 | 1 | 2 | |a Hübner, Lutz, |d 1964-. |t Ehrensache. |l Català |
| 700 | 1 | 2 | |a Baltscheit, Martin, |d 1965-. |t Besseren Wälder. |l Català |
| 700 | 1 | 2 | |a Hilling, Anja, |d 1975-. |t Was innen geht. |l Català |
| 700 | 1 | 2 | |a Nolte, Jakob. |t Tierreich. |l Català |
| 700 | 1 | |a Bartoll, Eduard, |e traductor | |
| 700 | 1 | |a Pous, Maria, |e traductor | |
| 700 | 1 | |a Tola, Albert |e traductor |9 72183 | |
| 700 | 1 | |a Auseller, Jordi, |e traductor | |
| 710 | 1 | |a Institut del Teatre (Barcelona, Catalunya) |9 52662 | |
| 830 | 0 | |a Dramaticles. |p Antologies dramàtiques ; |v 4 |9 53717 | |
| 940 | |a BC | ||
| 942 | |2 udc |c ARXIU |n 1 | ||
| 952 | |0 0 |1 0 |4 0 |6 BIB628 |7 1 |9 62299 |a Arxiu |b Arxiu |d 2022-06-08 |l 0 |o Bib-628 |p 25840 |r 2022-06-08 00:00:00 |w 2022-06-08 |y ARXIU | ||
| 999 | |c 81962 |d 81962 | ||